000 00592nam a2200205Ia 4500
005 20250508164716.0
008 008 250505s9999 xx 000 0 eng d
037 _aTextual
040 _aFEDL
_beng
_cFEDL
041 _aeng
_2eng
084 _a510, NCE
_qFEDL
245 0 _aLet's learn mathematics:Book 4. A textbook for class 4
245 0 _cN C E R T
260 _aNew Delhi, India
_bNational Council of Educational Research and Training
_c1988
300 _a256p.
365 _aINR
_b15
546 _aMACESE
942 _cTEXL
_h510, NCE
999 _c1390685
_d1390685